20 World Cities furthest from Larger City - Statistics

General Stats
  • This quiz has been taken 57 times
  • The average score is 17 of 20
Answers on the Map
Answers color-coded by a green-red scale on the quiz's map according to % correct below.
 
Answer Stats
D2L (km) City % Correct
4,364 Cairo
100%
2,505 Los Angeles
100%
7,421 Mexico City
100%
2,899 Moscow
100%
3,361 New York
100%
--- Tokyo
100%
4,997 Delhi
98%
5,494 Sydney
98%
2,456 Johannesburg
96%
3,851 Honolulu
94%
5,771 Jakarta
94%
3,130 Lima
94%
13,773 Sao Paulo
94%
3,913 Lagos
92%
2,781 Manila
92%
2,726 Perth
91%
2,587 Dar es Salaam
87%
2,431 Edinburgh of the Seven Seas
36%
4,017 Papeete
28%
3,535 Hanga Roa
26%
No matching quizzes found
Score Distribution
Percent of People with Each Score
Percentile by Number Answered
Your Score History
You have not taken this quiz